商工政策史 (第22巻) : 鉱業(上)

Spremljeno u:
Bibliografski detalji
Autor kompanije: 通商産業省
Format: Knjiga
Jezik:Undetermined
Izdano: 東京 商工政策史刊行会 1966
Teme:
Oznake: Dodaj oznaku
Bez oznaka, Budi prvi tko označuje ovaj zapis!
Thư viện lưu trữ: Trung tâm Học liệu Trường Đại học Cần Thơ
LEADER 00536nam a2200205Ia 4500
001 CTU_77539
008 210402s9999 xx 000 0 und d
082 |a 338.952 
082 |b T882 
110 |a 通商産業省 
245 0 |a 商工政策史 (第22巻) : 
245 0 |b 鉱業(上) 
245 0 |c 通商産業省 
260 |a 東京 
260 |b 商工政策史刊行会 
260 |c 1966 
650 |a Industrial Policy 
650 |x Japan 
904 |i Ngoc,Hải 
980 |a Trung tâm Học liệu Trường Đại học Cần Thơ